|
|
|
|
| LEADER |
01916nam a2200469 ia4500 |
| 001 |
001781688 |
| 003 |
CZ BrMZK |
| 005 |
20210727133558.0 |
| 007 |
ta |
| 008 |
210112m20169999xxka g p 000 0 eng |
| 020 |
|
|
|a 978-1-305-88062-7
|q (student's book ;
|q brožováno)
|
| 040 |
|
|
|a BOA001
|b cze
|e rda
|
| 072 |
|
7 |
|a 811.111
|x Angličtina
|2 Konspekt
|9 11
|
| 072 |
|
7 |
|a 37.016
|x Učební osnovy. Vyučovací předměty. Učebnice
|2 Konspekt
|9 22
|
| 080 |
|
|
|a 811.111
|2 MRF
|
| 080 |
|
|
|a (07.064)81
|2 MRF
|
| 100 |
1 |
|
|a Lansford, Lewis
|7 pna2009525967
|4 aut
|
| 245 |
1 |
0 |
|a Keynote :
|b advanced /
|c Lewis Lansford, Paul Dummett, Helen Stephenson
|
| 264 |
|
1 |
|a Andover :
|b National Geographic Learning,
|c [2016]-
|
| 300 |
|
|
|a ^^^svazky :
|b barevné ilustrace ;
|c 30 cm
|
| 336 |
|
|
|a text
|b txt
|2 rdacontent
|
| 336 |
|
|
|a mluvené slovo
|b spw
|2 rdacontent
|
| 336 |
|
|
|a dvojrozměrný pohyblivý obraz
|b tdi
|2 rdacontent
|
| 337 |
|
|
|a bez média
|b n
|2 rdamedia
|
| 337 |
|
|
|a počítač
|b c
|2 rdamedia
|
| 338 |
|
|
|a svazek
|b nc
|2 rdacarrier
|
| 338 |
|
|
|a audiodisk
|b sd
|2 rdacarrier
|
| 338 |
|
|
|a videodisk
|b vd
|2 rdacarrier
|
| 490 |
1 |
|
|a Ted talks
|
| 500 |
|
|
|a Na obálce označení: CEFR: C1
|
| 505 |
1 |
|
|a Student's book. ©2016. 183 stran + 1 DVD-ROM
|
| 650 |
0 |
7 |
|a angličtina
|7 ph114056
|2 czenas
|
| 653 |
0 |
|
|a jazyková úroveň C1
|
| 655 |
|
7 |
|a jazykové učebnice, texty, příručky (C)
|7 fd600892
|2 czenas
|
| 700 |
1 |
|
|a Dummett, Paul
|7 xx0003660
|4 aut
|
| 700 |
1 |
|
|a Stephenson, Helen
|7 mzk2012713340
|4 aut
|
| 830 |
|
0 |
|a Ted talks
|
| 910 |
|
|
|a BOA001
|b 4-1460.029
|b CDR-1460.029
|
| 990 |
|
|
|a BK
|
| 991 |
|
|
|b 202107
|c NOV
|x 99
|
| 996 |
7 |
|
|b 2610850230
|c 4-1460.029
|d 1,student's book
|v 1
|l Anglická knihovna/2.patro
|r ZHR
|n 10
|p kupz
|h CA 12
|w 001839422
|u 000010
|a 0
|e BOA001
|j MZK50
|s A
|
| 996 |
7 |
|
|b DKAA000858
|c CDR-1460.029
|d 1,student's book DVD-ROM
|v 1a
|l Anglická knihovna/2.patro
|r ZHR
|n 6
|p kupz
|h DVD 7
|w 001839422
|u 000020
|a 0
|e BOA001
|j MZK50
|s A
|